Tratado de la verdadera devoción a la Santísima Virgen
Salvato in:
| Autore principale: | |
|---|---|
| Natura: | Libro |
| Lingua: | spagnolo |
| Pubblicazione: |
Madrid
Apostolado de la Prensa
1980
|
| Edizione: | 11a. ed |
| Soggetti: | |
| Tags: |
Aggiungi Tag
Nessun Tag, puoi essere il primo ad aggiungerne!!
|
MARC
| LEADER | 00000nam a2200000 a 4500 | ||
|---|---|---|---|
| 001 | UCX1801 | ||
| 003 | CL-VaPUC | ||
| 008 | 901106e19800000SP |||||||||||||||||spa|d | ||
| 082 | 0 | 4 | |a 232.91 |b GRI |2 21 |
| 100 | 0 | |a Grignon de Montfort, Louis Marie, Santo |e author |9 317488 | |
| 245 | 1 | 0 | |a Tratado de la verdadera devoción a la Santísima Virgen |
| 250 | |a 11a. ed | ||
| 300 | |a 190 p | ||
| 942 | |c BK | ||
| 945 | |d 19901106 00:00:00 | ||
| 260 | |a Madrid |b Apostolado de la Prensa |c 1980 | ||
| 600 | 0 | |a Virgen María |9 314204 | |
| 650 | 7 | |a CULTO |2 CL-VaPUC |9 314205 | |
| 583 | |a last modification |c 19901106 00:00:00 |k Rodrigo Vera | ||
| 999 | |c 222961 |d 222959 | ||
| 952 | |0 0 |1 0 |4 0 |6 232_910000000000000_GRI_1980 |7 0 |8 A |9 218287 |a BIBTEO |b BIBTEO |d 2019-11-15 |i 2871270 |o 232.91 GRI 1980 |p 2871270 |r 2025-01-17 |w 2019-11-15 |y BK |k ICR | ||